| 000 | 00600nam a22002297a 4500 | ||
|---|---|---|---|
| 005 | 20250723110143.0 | ||
| 008 | 171207b xxu||||| |||| 00| 0 spa d | ||
| 020 | _a997794749 | ||
| 041 | _aESP/ENG | ||
| 082 | _aCR 861 O83p | ||
| 100 |
_aOspina de Fonseca, Helena _944829 |
||
| 245 | _aPoïein, génesis del verbo poético | ||
| 260 | _aCosta Rica | ||
| 260 | _bEdiciones Promesa | ||
| 260 | _c1993 | ||
| 300 | _a116 páginas | ||
| 490 | _aTEMÁTICA GENERAL | ||
| 650 | _aTEMÁTICA GENERAL | ||
| 650 | _aLITERATURA COSTARRICENSE | ||
| 650 | _aPOESÍA COSTARRICENSE | ||
| 942 |
_cLIT _2ddc |
||
| 999 |
_c10052 _d10052 |
||